Little ol' boy; (Record no. 17852)

MARC details
000 -LEADER
fixed length control field 00702cam a22002171 4500
001 - CONTROL NUMBER
control field ca 35000634
003 - CONTROL NUMBER IDENTIFIER
control field DLC
005 - DATE AND TIME OF LATEST TRANSACTION
control field 20260227111138.0
008 - FIXED-LENGTH DATA ELEMENTS--GENERAL INFORMATION
fixed length control field 770211s1935 nyu 000 0 eng
010 ## - LIBRARY OF CONGRESS CONTROL NUMBER
LC control number ca 35000634
035 ## - SYSTEM CONTROL NUMBER
System control number (OCoLC)2734114
040 ## - CATALOGING SOURCE
Original cataloging agency DLC
Transcribing agency MiMarqN
Modifying agency OCoLC
-- DLC
042 ## - AUTHENTICATION CODE
Authentication code premarc
050 00 - LIBRARY OF CONGRESS CALL NUMBER
Classification number PS3503.E376
Item number L5 1935
082 ## - DEWEY DECIMAL CLASSIFICATION NUMBER
Classification number 812.5
100 1# - MAIN ENTRY--PERSONAL NAME
Personal name Bein, Albert,
Dates associated with a name 1902-
245 10 - TITLE STATEMENT
Title Little ol' boy;
Remainder of title a play in three acts,
Statement of responsibility, etc. by Albert Bein; foreword by Barrett H. Clark.
260 ## - PUBLICATION, DISTRIBUTION, ETC.
Place of publication, distribution, etc. New York city,
-- Los Angeles,
Name of publisher, distributor, etc. S. French, incorporated
Date of publication, distribution, etc. [c1935]
300 ## - PHYSICAL DESCRIPTION
Extent xii p., 1 l., 105 p.
Dimensions 19 cm.
500 ## - GENERAL NOTE
General note "Copyright, 1929 ... under the title of 'Road out of hell'."

No items available.

Powered by Koha